=LDR 00000nam 2200000 4500 =001 INLIS000000000019460 =005 20150325114239.0 =006 =007 =008 Ind =035 ##$$0010-061300000019460 =041 ##$$a Ind =082 ##$$a F Rom D =090 ##$$a F Rom D, Pra b =100 ##$$a Pranoto, Naning =245 ##$$a Bella Donna Nova kekasih dari Ipanema, Naning Pranoto =260 ##$$a 2004 $b Jakarta =300 ##$$a 241 hlm, 21 cm =650 ##$$a Fiksi Dewasa =850 ##$$a NBPNMAT